Estadísticas para Top 100 páginas de Wikipedia más visitadas

Haz click aquí para intentar la prueba.

Estadísticas generales

  • Esta prueba ha sido intentada 814 veces
    (72 desde el último reinicio)
  • La puntuación promedio es 54 de 100

Estadísticas de respuestas

PáginaPistaVisitas% Correcto
Copa Mundial de Fútbol de 2022Campeonato mundial19,8 M
93%
EspañaPaís15,0 M
93%
Estados UnidosPaís18,5 M
93%
Lionel MessiFutbolista17,1 M
93%
Cristiano RonaldoFutbolista16,0 M
92%
FacebookServicio de redes sociales14,3 M
90%
FútbolDeporte6,5 M
87%
InstagramServicio de redes sociales10,8 M
85%
FranciaPaís6,3 M
83%
GmailServicio de correo electrónico9,3 M
83%
MéxicoPaís10,8 M
83%
ArgentinaPaís10,9 M
82%
Primera Guerra MundialGuerra histórica15,5 M
82%
AlemaniaPaís5,4 M
80%
BaloncestoDeporte8,2 M
80%
COVID-19Enfermedad infecciosa10,7 M
80%
Pandemia de enfermedad por coronavirus de 2019-2020Suceso histórico9,3 M
80%
RusiaPaís6,4 M
80%
Segunda Guerra MundialGuerra histórica15,5 M
80%
AméricaContinente5,8 M
78%
CleopatraGobernante antigua108 M
78%
Cleopatra I de EgiptoGobernante antigua22,2 M
78%
Real Madrid CFEquipo deportivo7,1 M
78%
Reino UnidoPaís7,1 M
78%
GoogleSitio web9,6 M
77%
EuropaContinente5,8 M
75%
Elon MuskEmpresario9,4 M
73%
FC BarcelonaEquipo deportivo8,5 M
73%
WhatsAppAplicación de mensajes10,7 M
73%
ChatGPTAaplicación de IA5,9 M
72%
DemocraciaSistema de gobierno7,1 M
72%
Pablo EscobarNarcotraficante9,5 M
72%
Albert EinsteinCientífico7,7 M
70%
TwitterServicio de redes sociales6,2 M
70%
ColombiaPaís8,3 M
68%
Idioma españolIdioma mundial6,5 M
67%
Adolf HitlerLíder mundial9,3 M
65%
ChilePaís5,6 M
63%
Diana de GalesPrincesa9,2 M
63%
Cristóbal ColónNavegante7,3 M
62%
Rafael NadalTenista6,1 M
62%
VenezuelaPaís7,0 M
62%
AristótelesFilósofo6,3 M
57%
Felipe de EdimburgoPríncipe8,0 M
57%
NetflixPlataforma de streaming6,9 M
57%
Copa Mundial de FútbolCampeonato mundial9,2 M
55%
Diego MaradonaFutbolista9,0 M
55%
Isabel II del Reino UnidoLíder mundial26,3 M
55%
YouTubeSitio Web27,0 M
55%
Frida KahloPintora8,2 M
53%
Michael JacksonCantante6,0 M
53%
Michael JordanJugador de baloncesto5,4 M
52%
Kylian MbappéFutbolista6,4 M
50%
Sistema solarConjunto de objetos astronómicos7,3 M
48%
Cultura mayaCivilización antigua7,8 M
47%
Jennifer LopezActriz y cantante5,6 M
47%
Leyes de NewtonPrincipios científicos6,0 M
47%
Isaac NewtonCientífico5,7 M
45%
ArrobaSímbolo tipográfico10,2 M
43%
Dí­a Internacional de la MujerDí­a Internacional6,9 M
43%
Edad MediaPeríodo histórico5,8 M
43%
AmazonCorporación de comercio6,1 M
42%
Atentados del 11 de septiembre de 2001Ataque terrorista6,4 M
42%
FascismoIdeología política5,7 M
42%
Gabriel Garcí­a MárquezEscritor5,6 M
42%
Napoleón BonaparteLíder mundial6,7 M
40%
OutlookServicio de correo electrónico7,0 M
40%
Jeffrey DahmerAsesino10,5 M
38%
Liga de Campeones de la UEFATorneo internacional13,4 M
37%
Guerra FríaEnfrentamiento histórico7,7 M
35%
Países BajosPaís5,5 M
35%
Revolución francesaSuceso histórico7,8 M
35%
Marie CurieCientífico8,0 M
33%
ShakiraCantante8,5 M
33%
Simón BolívarLibertador6,4 M
33%
Stephen HawkingCientífico5,4 M
33%
Copa Libertadores de AméricaTorneo internacional6,5 M
32%
Signo zodiacalHoróscopo6,4 M
32%
ZodiacoRegión celestial15,9 M
32%
Freddie MercuryCantante8,9 M
30%
Peste negraEnfermedad infecciosa7,9 M
30%
RTCadena de televisión5,4 M
30%
Tabla periódica de los elementosExposición científica31,9 M
28%
VoleibolDeporte7,0 M
28%
Luis MiguelCantante6,2 M
27%
Nuevas siete maravillas del mundo modernoConjunto de monumentos5,9 M
27%
Revolución IndustrialSuceso histórico10,1 M
27%
TraducciónActividad lingüística10,1 M
27%
Benito JuárezPresidente mexicano5,5 M
25%
Descubrimiento de AméricaSuceso histórico8,8 M
25%
Leonardo da VinciPolímata6,4 M
25%
Nayib BukeleLíder mundial5,8 M
23%
Revolución mexicanaSuceso histórico6,1 M
23%
Accidente de ChernóbilSuceso histórico8,2 M
22%
Independencia de MéxicoConsecuencia independentista7,3 M
22%
Margarita del Reino UnidoPrincesa7,1 M
22%
Shingeki no KyojinSerie de manga5,5 M
22%
Deutsche WelleServicio de radiodifusión6,7 M
20%
Jorge VI del Reino UnidoRey6,0 M
20%
Método cientí­ficoMetodología de procedimiento5,8 M
17%

Distribución de puntuación

Porcentaje por número respondido

Porcentaje de gente con cada puntuación

Historial de tus puntuaciones

No has intentado esta prueba desde el último reinicio